000 00269nam a2200109 a 4500
005 20201002053445.0
008 180424s2017 000 spa d
020 _a9789945194906
245 0 _aCiencias sociales 5 :.
260 _aSanto Domingo,
_c2017.
999 _c46706
_d46706
040 _aDO-SdBNP